Normal view
MARC view
Entry Topical Term
001 - CONTROL NUMBER
- control field: 104549
003 - CONTROL NUMBER IDENTIFIER
- control field: NUST
005 - DATE AND TIME OF LATEST TRANSACTION
- control field: 20221209114418.0
008 - FIXED-LENGTH DATA ELEMENTS
- fixed length control field: 221209|| aca||aabn | a|a d
040 ## - CATALOGING SOURCE
- Original cataloging agency: NUST
- Transcribing agency: NUST
150 ## - HEADING--TOPICAL TERM
- General subdivision: MS-Computational Chemistry
670 ## - SOURCE DATA FOUND
- Source citation: Work cat.: (NUST): Basit Azad. 104548, Gallium and Germanium Doped Nanodiamonds for Methanol Detection:, 2022.
